000 00689nam a2200277Ia 4500
005 20260324112800.0
008 008 260324s9999 xx 000 0 eng d
020 _a9781032720913
037 _aEBOOK
040 _aCRL
040 _beng
040 _cCRL
041 _2eng
041 _aeng
084 _qCRL
100 _aSefika Sule Ercetin; Suay Nilhan Acikalin
_91144114
245 0 _aNew Perspectives for Leadership after the COVID-19 Pandemic
260 _bTaylor and Francis
260 _c2024
365 _a
365 _b290
856 _uhttp://www.taylorfrancis.com/books/9781032720913
942 _cEBOOK
999 _c1733462
_d1733462